01128nas a2200277Ia 4500001002700000003001000027008004100037040002500078041001300103100003900116210003900155222003900194245011100233250001100344260000900355501012300364300001600487362002300503500004700526650002200573700001100595942000700606957000600613999003200619952019900651A50/R118-5044 [r000002204]IT-MiCISF161014c99999999xx |||||||||||| ||und|| aIT-MiCISFcIT-MiCISF aITALIANO aGaiotti De Biase Paola (a cura di) aRivista di scienze dell'educazione aRivista di scienze dell'educazione 0aDonne e scuola. Documento del comitato di pari opportunità presso il ministero della pubblica istruzione a1a ed. c1989 bCISF - Centro Internazionale Studi Famiglia - Via Giotto, 36 20145 MILANO (non commercial uses only)cCopyright 2016 app. 379-384 a3, set-dic. [1989] a Tema: donna, scuola, educazione, progetto aSCUOLAvdocumento aAA.VV. cCR 71 a5044bSig1c222709d222709 0010406A_50_000000000000000_R1185044_R00000220471aCISFbCISFd2016-10-14l0oA50/R118-5044 [r000002204]r2016-10-14 00:00:00w2016-10-14yCRzData import 15.10.2016 / by Epidotti, Vaglietti